000 00287nam a22001217a 4500
008 180424b xxu||||| |||| 00| 0 eng d
041 _aeng
080 _a043.3
100 _a0
101 _aARK-BTH
245 _aQendër rehabilituese për sëmundje mendore
_cXhakli,D
942 _2udc
_cBK
999 _c45456
_d45456